Spon's architects' and builders' price book 2018 (Record no. 116058)
[ view plain ]
| 000 -LEADER | |
|---|---|
| fixed length control field | 01533cam a22003015a 4500 |
| 001 - CONTROL NUMBER | |
| control field | L159624 |
| 005 - DATE AND TIME OF LATEST TRANSACTION | |
| control field | 20241223092229.0 |
| 008 - FIXED-LENGTH DATA ELEMENTS--GENERAL INFORMATION | |
| fixed length control field | 171129s2018 xxk f 000 0 eng d |
| 020 ## - INTERNATIONAL STANDARD BOOK NUMBER | |
| International Standard Book Number | 9781315107707 |
| 020 0# - INTERNATIONAL STANDARD BOOK NUMBER | |
| International Standard Book Number | 9781138091634 |
| 035 ## - SYSTEM CONTROL NUMBER | |
| System control number | (Sirsi) u159624 |
| 041 0# - LANGUAGE CODE | |
| Language code of text/sound track or separate title | eng |
| 050 04 - LIBRARY OF CONGRESS CALL NUMBER | |
| Classification number | 692.5 |
| 110 2# - MAIN ENTRY--CORPORATE NAME | |
| Corporate name or jurisdiction name as entry element | AECOM |
| 245 00 - TITLE STATEMENT | |
| Title | Spon's architects' and builders' price book 2018 |
| Medium | [electronic resource] |
| 250 ## - EDITION STATEMENT | |
| Edition statement | 143rd ed. |
| 260 ## - PUBLICATION, DISTRIBUTION, ETC. | |
| Place of publication, distribution, etc. | London |
| Name of publisher, distributor, etc. | CRC Press Inc |
| -- | Taylor & Francis |
| Date of publication, distribution, etc. | 2017 |
| 520 ## - SUMMARY, ETC. | |
| Summary, etc. | Provides comprehensive construction price information for the UK. General information includes capital allowances, VAT, Aggregates Levy, land remediation, landfill tax, property insurance and a range of indices including building costs and tender prices and location factors. Includes rates of wages and labour, approximate estimating. prices for measured works, fees for professional services, prices for measured works, fees for professional services and , daywork and prime cost Concludes with useful conversion tablers and formulae. |
| 520 ## - SUMMARY, ETC. | |
| Summary, etc. | Supersedes 142th ed. |
| 520 ## - SUMMARY, ETC. | |
| Summary, etc. | This item is archived on VLEBooks. Please contact [email protected] if you would like this title reactivated. Note we do not have more recent editions of this title available digitally. |
| 590 ## - LOCAL NOTE (RLIN) | |
| Local note | KA |
| 651 #4 - SUBJECT ADDED ENTRY--GEOGRAPHIC NAME | |
| Geographic name | United Kingdom |
| 690 ## - LOCAL SUBJECT ADDED ENTRY--TOPICAL TERM (OCLC, RLIN) | |
| Topical term or geographic name as entry element | Construction management |
| 9 (RLIN) | 6230 |
| 690 ## - LOCAL SUBJECT ADDED ENTRY--TOPICAL TERM (OCLC, RLIN) | |
| Topical term or geographic name as entry element | Cost management |
| 9 (RLIN) | 6233 |
| 690 ## - LOCAL SUBJECT ADDED ENTRY--TOPICAL TERM (OCLC, RLIN) | |
| Topical term or geographic name as entry element | Building materials and defects |
| 710 1# - ADDED ENTRY--CORPORATE NAME | |
| Corporate name or jurisdiction name as entry element | Davis Langdon |
| Relator term | editor |
| 9 (RLIN) | 4649 |
| 942 ## - ADDED ENTRY ELEMENTS (KOHA) | |
| Suppress in OPAC | 0 |
| Source of classification or shelving scheme | Dewey Decimal Classification |
| Withdrawn status | Lost status | Source of classification or shelving scheme | Damaged status | Not for loan | Home library | Current library | Shelving location | Date acquired | Total Checkouts | Full call number | Barcode | Date last seen | Copy number | Price effective from | Koha item type |
|---|---|---|---|---|---|---|---|---|---|---|---|---|---|---|---|
| Dewey Decimal Classification | London | London | Books | 29/11/2017 | 692.5 AEC | 30075145 | 06/08/2019 | 1 | 06/08/2019 | Book |